| Поле | Название | Значение |
| |
Тип записи |
a |
| |
Библиографический уровень |
a |
| 001 |
Контрольный номер |
RU/CBS_UL/BASE/1cdd5146fa0243eeb811bc047e7ee42f |
| 005 |
Дата корректировки |
20230901144744.4 |
| 100 |
Данные общей обработки |
__ |
| a |
Данные общей обработки |
20230901 ||| 0rusy0189 ca |
| 101 |
Язык документа |
0_ |
| a |
Язык текста |
rus |
| 102 |
Страна публикации |
__ |
| a |
Страна публикации |
RU |
| 200 |
Заглавие и сведения об ответственности |
1_ |
| a |
Заглавие |
Партизаны-малютки |
| e |
Сведения, относящиеся к заглавию |
[как полевые мыши во время Великой Отечественной войны обездвиживали немецкие танки, перегрызая электрическую проводку] |
| 300 |
Общие примечания |
__ |
| a |
Общие примечания |
6+ |
| 461 |
Уровень набора |
_0 |
| 1 |
|
2000 |
| a |
|
Веселый затейник |
| 463 |
Уровень физической единицы |
_0 |
| 1 |
|
2000 |
| a |
|
№ 6 |
| v |
|
С. 17-18 |
| 1 |
|
2101 |
| d |
|
2023 |
| 1 |
|
001RU/CBS_UL/BASE/2310257f33fe46be92af67a1e2120a59 |
| 606 |
Тематические рубрики |
0_ |
| a |
Основная рубрика |
Великая Отечественная война (1941-1945) - Участие животных |
| 610 |
Ключевые слова |
0_ |
| a |
Ключевые слова |
Великая Отечественная война |
| 610 |
Ключевые слова |
0_ |
| a |
Ключевые слова |
ВОВ |
| 610 |
Ключевые слова |
0_ |
| a |
Ключевые слова |
животные на войне |
| 610 |
Ключевые слова |
0_ |
| a |
Ключевые слова |
животные во время войны |
| 610 |
Ключевые слова |
0_ |
| a |
Ключевые слова |
мыши |
| 686 |
Индексы других классификаций |
__ |
| 2 |
Код системы |
rubbk |
| a |
Классификационный индекс |
63.3(2)622 |
| 801 |
Источник записи |
_0 |
| a |
Страна |
RU |
| b |
Организация |
МБУК ЦБС г. Ульяновска |
| c |
Дата составления |
20230901 |
| g |
Правила каталогизации |
RCR |
| 801 |
Источник записи |
_1 |
| a |
Страна |
RU |
| b |
Организация |
МБУК ЦБС г. Ульяновска |
| c |
Дата составления |
20230901 |
| g |
Правила каталогизации |
RCR |
| 901 |
Тип документа |
__ |
| t |
Тип документа |
b |
| w |
Контрольный № источника |
RU/CBS_UL/BASE/2310257f33fe46be92af67a1e2120a59 |